[Event "Sachsen-ch U14 Girls"]
[Site "Sebnitz"]
[Date "2009.04.17"]
[Round "7"]
[White "Paschold, Shari"]
[Black "Ortlepp, Karola"]
[Result "0-1"]
[WhiteElo "957"]
[BlackElo "1111"]
[PlyCount "58"]
[EventDate "2009.04.14"]
[EventType "swiss"]
[EventRounds "7"]
[EventCountry "GER"]
[SourceTitle "EXT 2010"]
[Source "ChessBase"]
[SourceDate "2010.11.25"]
[SourceVersion "1"]
[SourceVersionDate "2010.11.25"]
[SourceQuality "1"]

1. e4 e5 2. Nf3 Nc6 3. d4 exd4 4. Bc4 Nf6 5. 0-0 Bc5 6. e5 d5 7. Bd3 Nd7 8. Re1 0-0 9. Bf4 Re8 10. Nbd2 f6 11. exf6 Nxf6 12. c4 Bg4 13. Bg5 Qd6 14. Qc2 Nb4 15. Qa4 Nxd3 16. Rxe8+ Nxe8 17. Bh4 Qc6 18. Qb3 Bf5 19. Ne1 Nxe1 20. Rxe1 Qh6 21. Nf3 Be4 22. Qb5 Bf8 23. Ne5 Qxh4 24. cxd5 Nd6 25. Qd7 Qg5 26. Qe6+ Kh8 27. Nf7+ Nxf7 28. Rxe4 Rd8 29. Rxd4 Qc1+ 0-1

[Event "Sachsen-ch U14 Girls"]
[Site "Sebnitz"]
[Date "2009.04.16"]
[Round "5"]
[White "Paschold, Shari"]
[Black "Schlimpert, Vanessa"]
[Result "0-1"]
[WhiteElo "957"]
[BlackElo "985"]
[PlyCount "100"]
[EventDate "2009.04.14"]
[EventType "swiss"]
[EventRounds "7"]
[EventCountry "GER"]
[SourceTitle "EXT 2010"]
[Source "ChessBase"]
[SourceDate "2010.11.25"]
[SourceVersion "1"]
[SourceVersionDate "2010.11.25"]
[SourceQuality "1"]

1. e4 e5 2. Nf3 Nc6 3. d4 exd4 4. Bc4 Nf6 5. 0-0 Bc5 6. Bg5 0-0 7. e5 h6 8. exf6 hxg5 9. fxg7 Kxg7 10. Qd3 d5 11. Bb3 Bg4 12. Nbd2 Bb4 13. Nxd4 Nxd4 14. Qxd4+ f6 15. Qxb4 Be2 16. Rfe1 a5 17. Qd4 Qe7 18. Bxd5 Rad8 19. Qe4 Qxe4 20. Nxe4 Rxd5 21. Rxe2 Re8 22. Rae1 Rde5 23. Kf1 Rb5 24. c3 Kg6 25. Nd6 Rxe2 26. Nxb5 Rxb2 27. a4 c6 28. Nd6 b5 29. axb5 cxb5 30. Re2 Rb3 31. c4 b4 32. c5 Rc3 33. Nb7 a4 34. Ke1 b3 35. Kd1 a3 36. Re3 Rxe3 37. fxe3 b2 38. Kc2 Kf5 39. c6 Ke6 40. g3 g4 41. h4 gxh3 42. Nc5+ Kd6 43. Nd3 h2 44. Kb1 Kd5 45. Ka2 Ke4 46. Kxa3 b1Q 47. g4 Kd5 48. g5 fxg5 49. e4+ Kc4 50. e5 Qb3# 0-1

[Event "GER-chT U14 Girls"]
[Site "Dittrichshuette"]
[Date "2008.12.28"]
[Round "4.4"]
[White "Paschold, Shari"]
[Black "Jentsch, Jasmin"]
[Result "1/2-1/2"]
[WhiteElo "835"]
[BlackElo "982"]
[PlyCount "71"]
[EventDate "2008.12.27"]
[EventType "team-swiss"]
[EventRounds "7"]
[EventCountry "GER"]
[SourceTitle "EXT 2010"]
[Source "ChessBase"]
[SourceDate "2010.11.25"]
[SourceVersion "1"]
[SourceVersionDate "2010.11.25"]
[SourceQuality "1"]
[WhiteTeam "Leipzig BSG Chemie"]
[BlackTeam "Fritzdorf"]
[WhiteTeamCountry "GER"]
[BlackTeamCountry "GER"]

1. e4 c5 2. d4 cxd4 3. Nf3 e6 4. Nxd4 Nf6 5. Nc3 d6 6. Nb3 Nc6 7. Bf4 Be7 8. Bb5 e5 9. Bg5 Bd7 10. Nd5 h6 11. Bh4 0-0 12. Qd2 Nxe4 13. Nxe7+ Nxe7 14. Qe2 Qe8 15. Bxd7 Qxd7 16. Qxe4 f5 17. Qc4+ d5 18. 0-0-0 dxc4 19. Rxd7 cxb3 20. Bxe7 bxa2 21. Kd2 Rfe8 22. Rxb7 Kf7 23. Bc5+ Ke6 24. Bxa7 Red8+ 25. Ke2 Rd7 26. Rb6+ Rd6 27. Ra1 Rxa7 28. Rxd6+ Kxd6 29. Kd3 e4+ 30. Ke3 g5 31. f4 gxf4+ 32. Kxf4 Kd5 33. Ke3 Kc4 34. g3 h5 35. Kd2 Kb4 36. Ke3 1/2-1/2

[Event "GER-chT U14 Girls"]
[Site "Dittrichshuette"]
[Date "2008.12.27"]
[Round "1.4"]
[White "Paschold, Shari"]
[Black "Loesch, Caroline"]
[Result "1-0"]
[WhiteElo "835"]
[BlackElo "1230"]
[PlyCount "41"]
[EventDate "2008.12.27"]
[EventType "team-swiss"]
[EventRounds "7"]
[EventCountry "GER"]
[SourceTitle "EXT 2010"]
[Source "ChessBase"]
[SourceDate "2010.11.25"]
[SourceVersion "1"]
[SourceVersionDate "2010.11.25"]
[SourceQuality "1"]
[WhiteTeam "Leipzig BSG Chemie"]
[BlackTeam "Vaterstetten"]
[WhiteTeamCountry "GER"]
[BlackTeamCountry "GER"]

1. e4 e5 2. Nf3 Nc6 3. d4 exd4 4. Bc4 Nf6 5. 0-0 Bc5 6. Bg5 0-0 7. e5 h6 8. Bh4 g5 9. Bxg5 hxg5 10. exf6 Qxf6 11. Qd2 Ne5 12. Nxe5 Qxe5 13. Re1 Qf6 14. Re2 d6 15. c3 Bg4 16. Re4 Qf5 17. Bd3 d5 18. Rxd4 Qe6 19. Qxg5+ Kh8 20. Qh4+ Kg7 21. Rxg4+ 1-0